00780nam a2200181 a 450000100100000000500170001000800410002704000250006810000250009324501320011826000710025030000200032150000630034150000420040450400300044695201050047699900170058100003914120201002031520.0130527s1990 dr 000 0 spa d aDO-SdBNPbspacBNPHU1 aPoyo, Jeffrey91828710aRepresión y liberalización financiera en las cooperativas de ahorro y credito en la República Dominicana /cJeffrey Poyo. aSanto Domingo :bCentro de Estudios Monetarios y Bancarios,c1990. a62 p. ;c22 cm. aIncluye datos biográficos del autor en la contracubierta aIncluye notas al pie de las páginas aBibliografía : p. 61-62 0010718PDaPDbPDcCTd2013-05-27iLF1l0o p39141-10r2020-06-25w2020-06-25yLFPDZNo se presta c38631d38631